[Event "Veneto-ch qf 63rd"]
[Site "Arqua Petrarca"]
[Date "2003.05.10"]
[Round "4.34"]
[White "Zuccarello, Gianni"]
[Black "Menin, Massimo"]
[Result "0-1"]
[WhiteElo "1459"]
[BlackElo "1534"]
[PlyCount "96"]
[EventDate "2003.05.03"]
[EventType "swiss"]
[EventRounds "6"]
[EventCountry "ITA"]
[SourceTitle "EXT 2024"]
[Source "ChessBase"]
[SourceDate "2023.10.10"]
[SourceVersion "1"]
[SourceVersionDate "2023.10.10"]
[SourceQuality "1"]

1. d4 d5 2. c4 c6 3. Nf3 Bg4 4. Nbd2 Nf6 5. Qc2 e6 6. a3 Be7 7. e3 Bf5 8. Bd3 Bxd3 9. Qxd3 0-0 10. b4 dxc4 11. Qxc4 b5 12. Qb3 a5 13. bxa5 Rxa5 14. 0-0 Qc7 15. Bb2 Nbd7 16. Rfc1 Rc8 17. Ne5 Nxe5 18. dxe5 Nd7 19. f4 Qa7 20. Qc3 Nb6 21. Re1 Nd5 22. Qb3 Ra4 23. Nf3 Nxf4 24. Kf1 Nd5 25. Nd4 Qa6 26. Rec1 Rc4 27. Rxc4 bxc4 28. Qa2 c3+ 29. Kf2 cxb2 30. Qxb2 h6 31. a4 Nb4 32. Kf3 Nd3 33. Qb3 Nxe5+ 34. Ke4 Nd7 35. Kf3 Nc5 36. Qc2 e5 37. Nf5 e4+ 38. Kf2 Nd3+ 39. Kg1 Bf6 40. Rb1 Kh7 41. Nd6 Rc7 42. Nxe4 Re7 43. Nc5 Qa7 44. Nxd3 Qxe3+ 45. Kh1 g6 46. g3 Qe4+ 47. Kg1 Bd4+ 48. Kf1 Qh1# 0-1

[Event "Veneto-ch qf 63rd"]
[Site "Arqua Petrarca"]
[Date "2003.05.03"]
[Round "1.28"]
[White "Negro, Raffaele"]
[Black "Zuccarello, Gianni"]
[Result "1-0"]
[WhiteElo "1696"]
[BlackElo "1459"]
[PlyCount "79"]
[EventDate "2003.05.03"]
[EventType "swiss"]
[EventRounds "6"]
[EventCountry "ITA"]
[SourceTitle "EXT 2024"]
[Source "ChessBase"]
[SourceDate "2023.10.10"]
[SourceVersion "1"]
[SourceVersionDate "2023.10.10"]
[SourceQuality "1"]

1. Nf3 d5 2. g3 b6 3. Bg2 Bb7 4. 0-0 e6 5. d3 Nf6 6. Nbd2 c5 7. Re1 Qc7 8. e4 dxe4 9. dxe4 e5 10. Nc4 Nbd7 11. Nh4 Be7 12. Nf5 Bf8 13. Ncd6+ Bxd6 14. Nxd6+ Ke7 15. Nf5+ Kf8 16. f4 g6 17. Nd6 exf4 18. Bxf4 Qc6 19. Nxb7 Re8 20. e5 Qc8 21. Qd6+ Kg7 22. exf6+ Nxf6 23. Be5 Qe6 24. Bxf6+ Qxf6 25. Qxf6+ Kxf6 26. Rf1+ Kg7 27. Nd6 Re7 28. Rae1 Rxe1 29. Rxe1 Rf8 30. Bd5 f5 31. Re8 Rf6 32. Re6 Rf8 33. Ne8+ Kh6 34. Kf2 Kg5 35. Kf3 h5 36. h4+ Kh6 37. Kf4 Rf7 38. Rxb6 Re7 39. Re6 Rd7 40. c4 1-0

[Event "Veneto-ch qf 62nd"]
[Site "Arqua Petrarca"]
[Date "2002.05.11"]
[Round "4.13"]
[White "Zuccarello, Gianni"]
[Black "Bassetto, Marco"]
[Result "0-1"]
[WhiteElo "1600"]
[BlackElo "1792"]
[PlyCount "52"]
[EventDate "2002.05.04"]
[EventType "swiss"]
[EventRounds "6"]
[EventCountry "ITA"]
[SourceTitle "EXT 2024"]
[Source "ChessBase"]
[SourceDate "2023.10.10"]
[SourceVersion "1"]
[SourceVersionDate "2023.10.10"]
[SourceQuality "1"]

1. d4 d5 2. c4 c6 3. e3 Nf6 4. Nf3 Bf5 5. Bd3 Bxd3 6. Qxd3 e6 7. a3 Bd6 8. b4 Nbd7 9. c5 Bc7 10. Bb2 Qb8 11. h3 e5 12. dxe5 Nxe5 13. Nxe5 Bxe5 14. Bxe5 Qxe5 15. Qc3 Qg5 16. 0-0 0-0 17. Nd2 Rae8 18. Nf3 Qh5 19. a4 Ne4 20. Qd4 g5 21. Ne5 Re6 22. Ng4 f5 23. Nh2 g4 24. hxg4 fxg4 25. Qd1 Rg6 26. f3 Rh6 0-1